<?xml version="1.0" encoding="UTF-8"?><?xml-stylesheet type="text/xsl" href="static/style.xsl"?><OAI-PMH xmlns="http://www.openarchives.org/OAI/2.0/" xmlns:xsi="http://www.w3.org/2001/XMLSchema-instance" xsi:schemaLocation="http://www.openarchives.org/OAI/2.0/ http://www.openarchives.org/OAI/2.0/OAI-PMH.xsd"><responseDate>2026-04-17T11:28:23Z</responseDate><request verb="GetRecord" identifier="oai:www.recercat.cat:2072/429771" metadataPrefix="marc">https://recercat.cat/oai/request</request><GetRecord><record><header><identifier>oai:recercat.cat:2072/429771</identifier><datestamp>2024-10-31T02:22:14Z</datestamp><setSpec>com_2072_98</setSpec><setSpec>col_2072_378192</setSpec></header><metadata><record xmlns="http://www.loc.gov/MARC21/slim" xmlns:dcterms="http://purl.org/dc/terms/" xmlns:xsi="http://www.w3.org/2001/XMLSchema-instance" xmlns:doc="http://www.lyncode.com/xoai" xsi:schemaLocation="http://www.loc.gov/MARC21/slim http://www.loc.gov/standards/marcxml/schema/MARC21slim.xsd">
   <leader>00925njm 22002777a 4500</leader>
   <datafield ind2=" " ind1=" " tag="042">
      <subfield code="a">dc</subfield>
   </datafield>
   <datafield ind2=" " ind1=" " tag="720">
      <subfield code="a">Valenzuela Prado, Luis</subfield>
      <subfield code="e">author</subfield>
   </datafield>
   <datafield ind2=" " ind1=" " tag="260">
      <subfield code="c">2018</subfield>
   </datafield>
   <datafield ind2=" " ind1=" " tag="520">
      <subfield code="a">Este artículo propone una lectura de la narrativa de la escritora chilena Nona Fernández, sostenida desde una constante histórico y memorial. Desde ahí, configura un entramado complejo, erigiendo una espacialidad atravesada por diversos residuos: materiales y corporales, letrados e imaginarios. Este cruce configura lo residual como gesto político que problematiza cualquier triunfo posible de la modernidad. El análisis se centrará, primero, en la novela Mapocho, segundo, en las novelas Av. 10 de Julio Huamachuco y Chilean electric, tercero, en la trilogía de la memoria y la dictadura.</subfield>
   </datafield>
   <datafield ind2=" " ind1=" " tag="520">
      <subfield code="a">This article proposes an interpretation to the narrative of the Chilean writer Nona Fernández, sustained from a historical and memorial constant. From there, Fernández configures a complex framework, erecting a spatiality crossed by various residues: material and corporal, literate and imaginary. This configuration of the residual functions as a political gesture that problematizes any possibility of modernity. The analysis will focus, first, on the novel Mapocho, second, in the novels Av. 10 de Julio Huamachuco and Chilean electric, third, in the trilogy of memory and dictatorship.</subfield>
   </datafield>
   <datafield ind2=" " ind1=" " tag="520">
      <subfield code="a">Aquest article proposa una lectura de la narrativa de l'escriptora xilena Nona Fernández, defensada des d'una constant històrica i memorial. Des d'aquest punt, configura un entramat complex, fundant una espacialitat travessada per diversos residus: materials i corporals, lletrats i imaginaris. Aquest encreuament configura allò residual com a gest polític que problematitza qualsevol triomf possible de la modernitat. L'anàlisi es centrarà, primer, en la novel·la Mapocho, segon, en les novel·les Av. 10 de Julio Huamachuco i Chilean electric, tercer, en la trilogia de la memòria i la dictadura.</subfield>
   </datafield>
   <datafield tag="653" ind2=" " ind1=" ">
      <subfield code="a">Nona Fernández</subfield>
   </datafield>
   <datafield tag="653" ind2=" " ind1=" ">
      <subfield code="a">Espacio</subfield>
   </datafield>
   <datafield tag="653" ind2=" " ind1=" ">
      <subfield code="a">Imagen</subfield>
   </datafield>
   <datafield tag="653" ind2=" " ind1=" ">
      <subfield code="a">Basura</subfield>
   </datafield>
   <datafield tag="653" ind2=" " ind1=" ">
      <subfield code="a">Residualidad</subfield>
   </datafield>
   <datafield tag="653" ind2=" " ind1=" ">
      <subfield code="a">Espai</subfield>
   </datafield>
   <datafield tag="653" ind2=" " ind1=" ">
      <subfield code="a">Imatge</subfield>
   </datafield>
   <datafield tag="653" ind2=" " ind1=" ">
      <subfield code="a">Escombraries</subfield>
   </datafield>
   <datafield tag="653" ind2=" " ind1=" ">
      <subfield code="a">Residualitat</subfield>
   </datafield>
   <datafield tag="653" ind2=" " ind1=" ">
      <subfield code="a">Space</subfield>
   </datafield>
   <datafield tag="653" ind2=" " ind1=" ">
      <subfield code="a">Image</subfield>
   </datafield>
   <datafield tag="653" ind2=" " ind1=" ">
      <subfield code="a">Garbage</subfield>
   </datafield>
   <datafield tag="653" ind2=" " ind1=" ">
      <subfield code="a">Residuality</subfield>
   </datafield>
   <datafield ind2="0" ind1="0" tag="245">
      <subfield code="a">Formas residuales en la narrativa de Nona Fernández</subfield>
   </datafield>
</record></metadata></record></GetRecord></OAI-PMH>